000 00316cam a2200133ua 4500
003 OSt
008 231116b |||||||| |||| 00| 0 eng d
041 _aeng
082 _a512
_bTRI/ST
245 0 0 _aSteel tables ( metric units)
260 _aTrivandrum :
_bThe press ramser ,
_c1979.
300 _a20 ; .
942 _cBK
999 _c4582
_d4582